Eastern Orthodox countries - Statistics

General Stats
  • This quiz has been taken 356 times
    328 since last reset
  • The average score is 14 of 18
Answer Stats
Answer % Correct
Russia
99%
Serbia
95%
Greece
94%
Ukraine
94%
Belarus
92%
Romania
92%
Bulgaria
91%
Armenia
86%
Moldova
86%
Georgia
85%
Montenegro
84%
Macedonia
82%
Bosnia and Herzegovina
80%
Cyprus
66%
Ethiopia
61%
Kazakhstan
60%
Eritrea
49%
Kyrgyzstan
44%
No matching quizzes found
Score Distribution
Percent of People with Each Score
Percentile by Number Answered
Your Score History
You have not taken this quiz since the last reset